| 000 | 01028cam a2200229 4500 | ||
|---|---|---|---|
| 001 | WB3909-20 | ||
| 008 | 030306n2003 000 0 eng u | ||
| 035 | _a(Sirsi) u121555 | ||
| 245 | _aSpur to the scheme-friendly council | ||
| 260 | _c2003 | ||
| 490 |
_aEstates Gazette _v(0309) 1 March 2003, 29 |
||
| 490 |
_aODPM News Release _v(028) 25 February 2003, (4) |
||
| 520 | _aGovernment has announced that local authorities will be able to retain revenue from increased economic growth and regeneration in their areas. This in turn will encourage local authorities to grant consent for major schemes and help regeneration projects such as the Thames Gateway, Birmingham's Masshouse and Eastside in Manchester. ODPM News Release http://www.odpm.gov.uk/news/0302/0028.htm | ||
| 590 | _aWB | ||
| 650 | _aPLANNING CONSENT | ||
| 650 | _aREGENERATION | ||
| 650 | _aLOCAL AUTHORITIES | ||
| 650 | _aBUSINESS RATES | ||
| 650 | _aINCOME | ||
| 690 | _aENVIRONMENTAL AND LAND CONSULTANCY-PLANNING AND DEVELOPMENT | ||
| 942 | _n0 | ||
| 999 |
_c72252 _d72252 |
||